000
00286nam a2200109Ia 4500
008
171211s9999 xx 000 0 und d
245
_a
Mastering Jujitsu
245
_c
Renzo Gracie
260
_c
2003
650
_x
Martial Arts
856
_u
http://down.ebook777.com/053/9780736044042.pdf
999
_c
348252
_d
348252